| 000 | 00559nam a22001937a 4500 | ||
|---|---|---|---|
| 003 | OSt | ||
| 005 | 20140310182757.0 | ||
| 008 | 130208t xxu||||| |||| 00| 0 eng d | ||
| 020 | _a9812471359 | ||
| 050 |
_aHF 5415.32 _b.Sch35 2004 |
||
| 100 | _aSchiffman, Leon G. | ||
| 245 |
_aConsumer behavior / _cLeon G. Schiffman, Leslie Lazar Kanuk |
||
| 260 |
_aEnglewood Cliffs, N.J. _bPrentice Hall International _c2004 |
||
| 300 |
_axxiv, 587 p. _bill. _c25 cm. |
||
| 521 | _aBSBA | ||
| 650 | _a Consumer behavior. | ||
| 942 |
_2lcc _cBK _kFOR |
||
| 999 |
_c15895 _d15895 |
||